NBA Teams - Statistics

General Stats
  • This quiz has been taken 15 times
  • The average score is 22 of 30
Answer Stats
Answer % Correct
Golden State Warriors
92%
Los Angeles Lakers
92%
Chicago Bulls
85%
Detroit Pistons
85%
Indiana Pacers
85%
Sacramento Kings
85%
San Antonio Spurs
85%
Boston Celtics
77%
Dallas Mavericks
77%
Denver Nuggets
77%
Los Angeles Clippers
77%
New Orleans Pelicans
77%
Atlanta Hawks
69%
Brooklyn Nets
69%
Charlotte Hornets
69%
Cleveland Cavaliers
69%
Houston Rockets
69%
Miami Heat
69%
Minnesota Timberwolves
69%
Oklahoma City Thunder
69%
Orlando Magic
69%
Phoenix Suns
69%
Utah Jazz
69%
Washington Wizards
69%
Memphis Grizzlies
62%
Milwaukee Bucks
62%
Portland Trail Blazers
62%
Toronto Raptors
62%
Philadelphia 76ers
54%
New York Knicks
46%
No matching quizzes found
Score Distribution
Percent of People with Each Score
Percentile by Number Answered
Your Score History
You have not taken this quiz